000 00415nam a2200169Ia 4500
001 18597
008 140407s9999 xx 000 0 und d
020 _a0-385-49790-3
040 _cPK-LaUMT
082 _a 294.3444
_bROA-D
100 _aGeshe Michael Roach
245 4 _aThe Diamond cutter
_cGeshe Michael Roach
260 _aNew York,USA:
_bDoubleday,
_c2000
300 _a226 p.
546 _aEN
942 _cBK
999 _c18992
_d18992